000 00398nam a22001697a 4500
005 20160614144330.0
008 160614b xxu||||| |||| 00| 0 eng d
020 _a81-203-2376-9
041 _aeng
082 _b7471
100 _aMarakas, George M
_91900
245 _aDecision Support Systems in the 21st Century
260 _bPHI
300 _a590
650 _aManagement
_9241
942 _cBK
999 _c2675
_d2674